Character to Video Game - Statistics

General Stats
  • This quiz has been taken 49 times
  • The average score is 10 of 20
Answer Stats
Hint Answer % Correct
Master Chief Halo
74%
Sub-Zero Mortal Kombat
71%
Zapdos Pokémon
71%
GLaDOS Portal
71%
King Dedede Kirby
65%
Papyrus Undertale
62%
John MacTavish Call Of Duty
56%
Franklin Clinton Grand Theft Auto
56%
Blinky Pac-Man
53%
Blaze the Cat Sonic The Hedgehog
47%
Skull Kid The Legend Of Zelda
47%
Jonesy Fortnite
44%
Professor E. Gadd Super Mario
44%
Mega Satan The Binding Of Isaac
41%
Wambus Troubleham Bugsnax
38%
Albus the Albinauric Elden Ring
38%
Luke Triton Professor Layton
32%
Hornet Hollow Knight
26%
Roary Scrawl Moshi Monsters
26%
Gary The Gadget Guy Club Penguin
21%
No matching quizzes found
Score Distribution
Percent of People with Each Score
Percentile by Number Answered
Your Score History
You have not taken this quiz